|
|
|
|
| LEADER |
00000nam0a2200000 4500 |
| 001 |
366906 |
| 005 |
20231102011929.0 |
| 035 |
|
|
|a (RuTPU)RU\TPU\retro\24269
|
| 090 |
|
|
|a 366906
|
| 100 |
|
|
|a 20220222d1979 km y0rusy50 ca
|
| 101 |
0 |
|
|a rus
|
| 102 |
|
|
|a RU
|
| 105 |
|
|
|a a z 001zy
|
| 200 |
1 |
|
|a Методические рекомендации по применению наземных вариантов методы переходных процессов в сложных геоэлектрических условиях
|f С. А. Николаева, А. А. Семенов, Л. С. Хлопонин [и др.]
|g Научно-производственное объединение "Геофизика"
|
| 210 |
|
|
|a Ленинград
|c Изд-во НПО Геофизика
|d 1979
|
| 215 |
|
|
|a 116 с.
|c ил.
|
| 320 |
|
|
|a Библиогр.: с. 113-115
|
| 606 |
1 |
|
|a Электроразведка
|x Метод
|2 stltpush
|3 (RuTPU)RU\TPU\subj\20751
|9 45832
|
| 610 |
1 |
|
|a переходные процессы
|
| 610 |
1 |
|
|a геоэлектрика
|
| 610 |
1 |
|
|a сложные условия
|
| 610 |
1 |
|
|a наземные методы
|
| 610 |
1 |
|
|a методические рекомендации
|
| 610 |
1 |
|
|a полевые работы
|
| 610 |
1 |
|
|a гальванические источники
|
| 610 |
1 |
|
|a примеры
|
| 675 |
|
|
|a 550.837
|v 4
|
| 701 |
|
1 |
|a Николаева
|b С. А.
|
| 701 |
|
1 |
|a Семенов
|b А. А.
|
| 701 |
|
1 |
|a Хлопонин
|b Л. С.
|
| 701 |
|
1 |
|a Черныш
|b В. Ю.
|
| 701 |
|
1 |
|a Шерешевский
|b С. Б.
|
| 712 |
0 |
2 |
|a Научно-производственное объединение "Геофизика"
|2 stltpush
|3 (RuTPU)RU\TPU\col\10268
|9 24815
|
| 801 |
|
1 |
|a RU
|b 63413507
|c 20220222
|
| 942 |
|
|
|c BK
|